[Event "Ankara Is Bank Cup Beyaz"]
[Site "Ankara"]
[Date "2023.11.24"]
[Round "4"]
[White "Ozturk Orenli, Kubra"]
[Black "Ciftci, Zeynep"]
[Result "1-0"]
[WhiteElo "2265"]
[BlackElo "2173"]
[PlyCount "85"]
[EventDate "2023.11.23"]
[EventType "tourn"]
[EventRounds "5"]
[EventCountry "TUR"]
[EventCategory "8"]
[SourceTitle "CB48_2023"]
[SourceDate "2023.11.29"]
[SourceVersion "1"]
[SourceVersionDate "2023.11.29"]
[SourceQuality "1"]

1. d4 d5 2. c4 c6 3. cxd5 cxd5 4. Bg5 Qb6 5. Nc3 h6 6. Bd2 Nf6 7. Nf3 Nc6 8. e3 Bf5 9. Na4 Qd8 10. Rc1 Nd7 11. Qb3 Nb6 12. Nc5 Qc7 13. Bb5 Rc8 14. 0-0 Bd7 15. Ne5 Nxe5 16. Nxd7 Nc6 17. Ne5 Nc4 18. Nxc4 dxc4 19. Rxc4 e6 20. Rfc1 Bd6 21. h3 0-0 22. Bxc6 bxc6 23. Qa4 Qb7 24. b4 Rb8 25. a3 Qb5 26. Qc2 Rfd8 27. Rxc6 e5 28. Qc4 Qb7 29. d5 e4 30. Qxe4 Re8 31. Qg4 Qe7 32. Bc3 f6 33. Bd4 Rb5 34. Bc5 Bxc5 35. R6xc5 Rb7 36. Rc8 Rxc8 37. Rxc8+ Kh7 38. d6 Qe5 39. d7 h5 40. Qd1 Rxd7 41. Qxd7 Qa1+ 42. Kh2 Qe5+ 43. f4 1-0

[Event "TUR-chT 1st League"]
[Site "Denizli"]
[Date "2023.07.09"]
[Round "1.35"]
[White "Ciftci, Zeynep"]
[Black "Kara, Gulce Nehir"]
[Result "1-0"]
[WhiteElo "2143"]
[BlackElo "2004"]
[PlyCount "55"]
[EventDate "2023.07.09"]
[EventType "team-swiss"]
[EventRounds "9"]
[EventCountry "TUR"]
[SourceTitle "CBM 215 Extra"]
[Source "ChessBase"]
[SourceDate "2023.09.30"]
[SourceVersion "1"]
[SourceVersionDate "2023.09.30"]
[SourceQuality "1"]
[WhiteTeam "Karsiyaka Ihtisas"]
[BlackTeam "Alacati Satranc"]
[WhiteTeamCountry "TUR"]
[BlackTeamCountry "TUR"]

1. d4 d5 2. c4 e6 3. cxd5 exd5 4. Nc3 Nf6 5. Bg5 c6 6. e3 Bd6 7. Qf3 Nbd7 8. Bd3 Qb6 9. Qe2 0-0 10. Nf3 Re8 11. Qc2 Qc7 12. Rc1 a6 13. 0-0 h6 14. Bh4 Ng4 15. h3 Nh2 16. Nxh2 Bxh2+ 17. Kh1 g5 18. Bg3 Bxg3 19. fxg3 Qxg3 20. Rf3 Qd6 21. Rcf1 Re7 22. Ne2 Nf8 23. Rf6 Be6 24. Rxh6 Kg7 25. Rh5 f6 26. h4 g4 27. Nf4 Bf7 28. Qe2 1-0

[Event "World School-ch U17 Girls"]
[Site "Rhodes"]
[Date "2023.04.16"]
[Round "3"]
[White "Dumankyzy, Alfarabi"]
[Black "Ciftci, Zeynep"]
[Result "1/2-1/2"]
[WhiteElo "1470"]
[BlackElo "1892"]
[PlyCount "117"]
[EventDate "2023.04.14"]
[EventType "swiss"]
[EventRounds "9"]
[EventCountry "GRE"]
[SourceTitle "EXT 2024"]
[Source "ChessBase"]
[SourceDate "2023.10.10"]
[SourceVersion "1"]
[SourceVersionDate "2023.10.10"]
[SourceQuality "1"]

1. e4 c6 2. Nf3 d5 3. Nc3 Bg4 4. h3 Bxf3 5. Qxf3 e6 6. d4 dxe4 7. Nxe4 Qxd4 8. Bg5 Nd7 9. Rd1 Qe5 10. Be2 f5 11. Nc3 Be7 12. Bf4 Qa5 13. Qg3 0-0-0 14. 0-0 g6 15. Bd6 Bxd6 16. Rxd6 Ngf6 17. Rxe6 Rhe8 18. Rxe8 Rxe8 19. Rd1 Qb4 20. b3 Re5 21. Bc4 Rc5 22. Qd3 Re5 23. a4 a5 24. Qd4 Qc5 25. Qxc5 Rxc5 26. Rd6 Kc7 27. Re6 h5 28. f4 h4 29. Kf2 Nh5 30. Ke3 Nhf6 31. Kd4 Kd8 32. Rxf6 Rxc4+ 33. Kxc4 Nxf6 34. Kc5 Kc7 35. Ne2 b6+ 36. Kd4 Kd6 37. c3 Ne4 38. c4 Nc5 39. Kc3 Ne6 40. Kd3 Kc5 41. Kc3 b5 42. axb5 cxb5 43. cxb5 Kxb5 44. Kc2 Kb4 45. Kb2 Nc5 46. Kc2 Nxb3 47. Kb2 Nc5 48. Ka2 a4 49. Nd4 Kc4 50. Nf3 Nd3 51. Nxh4 Nxf4 52. Ka3 Kb5 53. g3 Ne2 54. Nxg6 Nxg3 55. h4 Nh5 56. Ne5 f4 57. Nf3 Nf6 58. Nd4+ Ka5 59. Nf3 1/2-1/2

[Event "Primorsko op"]
[Site "Primorsko"]
[Date "2021.09.16"]
[Round "4"]
[White "Shevtsova, Stefania"]
[Black "Ciftci, Zeynep"]
[Result "0-1"]
[WhiteElo "1576"]
[BlackElo "1874"]
[PlyCount "54"]
[EventDate "2021.09.13"]
[EventType "swiss"]
[EventRounds "9"]
[EventCountry "BUL"]
[SourceTitle "CBM 204 Extra"]
[Source "ChessBase"]
[SourceDate "2021.11.30"]
[SourceVersion "1"]
[SourceVersionDate "2021.11.30"]
[SourceQuality "1"]

1. e4 c6 2. d4 d5 3. e5 c5 4. dxc5 e6 5. Be3 Nd7 6. Bb5 Qc7 7. Qd4 Ne7 8. b4 a5 9. c3 Nc6 10. Bxc6 bxc6 11. Nf3 Ba6 12. a3 Qb7 13. Ra2 Nxc5 14. Qg4 Nd3+ 15. Kd2 g6 16. Qg3 Bg7 17. Kc2 Bc4 18. Ra1 axb4 19. cxb4 Nxb4+ 20. Kd2 Nd3 21. Bd4 c5 22. Bc3 d4 23. Nxd4 cxd4 24. Bxd4 Rd8 25. Qe3 Bh6 26. Qxh6 Rxd4 27. Kc3 Qb2# 0-1

[Event "TUR-ch (Women)"]
[Site "Corum"]
[Date "2021.06.18"]
[Round "6"]
[White "Karatiken, Beray"]
[Black "Ciftci, Zeynep"]
[Result "0-1"]
[WhiteElo "1205"]
[BlackElo "1603"]
[PlyCount "108"]
[EventDate "2021.06.13"]
[EventType "swiss"]
[EventRounds "7"]
[EventCountry "TUR"]
[SourceTitle "CBM 203 Extra"]
[Source "ChessBase"]
[SourceDate "2021.09.30"]
[SourceVersion "1"]
[SourceVersionDate "2021.09.30"]
[SourceQuality "1"]

1. d4 d5 2. c4 e6 3. e3 Nf6 4. Nf3 dxc4 5. Bxc4 a6 6. Nc3 b5 7. Bd3 c5 8. dxc5 Bxc5 9. 0-0 Bb7 10. Be2 Nbd7 11. b3 0-0 12. Bb2 Rc8 13. Rc1 Qe7 14. Rc2 Bb6 15. Nd4 Rfd8 16. Nb1 Nc5 17. Nd2 Nd5 18. Qa1 Nb4 19. Rcc1 Nbd3 20. Bxd3 Nxd3 21. Rxc8 Rxc8 22. Qb1 Nxb2 23. Qxb2 Bxd4 24. exd4 Qg5 25. g3 Qd5 26. f3 Rd8 27. Rc1 Qxd4+ 28. Qxd4 Rxd4 29. Ne4 h6 30. Nc5 Bxf3 31. Nxa6 Rd2 32. Nb4 Rg2+ 33. Kf1 Rxh2 34. Rc3 Be4 35. Re3 Bd5 36. Rd3 Rh5 37. Kf2 Re5 38. Nxd5 exd5 39. Re3 Rxe3 40. Kxe3 b4 41. Kd4 g5 42. Kc5 h5 43. Kxb4 h4 44. gxh4 gxh4 45. a4 h3 46. Kc5 h2 47. Kxd5 h1Q+ 48. Kc5 Qb7 49. b4 f5 50. a5 f4 51. b5 f3 52. a6 Qa7+ 53. Kc6 f2 54. b6 Qxa6 0-1

[Event "TUR-ch (Women)"]
[Site "Antalya"]
[Date "2019.03.09"]
[Round "9"]
[White "Hereklioglu, Sude"]
[Black "Ciftci, Zeynep"]
[Result "1-0"]
[WhiteElo "1973"]
[BlackElo "1308"]
[PlyCount "55"]
[EventDate "2019.03.03"]
[EventType "swiss"]
[EventRounds "9"]
[EventCountry "TUR"]
[SourceTitle "CBM 189 Extra"]
[Source "ChessBase"]
[SourceDate "2019.06.03"]
[SourceVersion "1"]
[SourceVersionDate "2019.06.03"]
[SourceQuality "1"]

1. c4 g6 2. d4 Bg7 3. Nf3 c5 4. Nc3 cxd4 5. Nxd4 d6 6. e4 Nf6 7. Be2 Qb6 8. Nb3 0-0 9. Be3 Qc6 10. Nd4 Qd7 11. f3 Nc6 12. 0-0 b6 13. Rc1 Bb7 14. Qd2 Rfd8 15. Rfd1 e6 16. Ndb5 Ne8 17. Bf4 a6 18. Na3 Nc7 19. Qxd6 Bd4+ 20. Rxd4 Nxd4 21. Qxc7 Nxe2+ 22. Nxe2 Qxc7 23. Bxc7 Rd2 24. Rc2 Rxc2 25. Nxc2 Rc8 26. Bxb6 Rxc4 27. Ne3 e5 28. Nxc4 1-0